| 000 | 00584nam a2200229Ia 4500 | ||
|---|---|---|---|
| 005 | 20260320202120.0 | ||
| 008 | 008 262003s9999 xx 000 0 eng d | ||
| 037 | _aEBOOK | ||
| 040 | _aCRL | ||
| 040 | _beng | ||
| 040 | _cCRL | ||
| 041 | _2eng | ||
| 041 | _aeng | ||
| 084 | _qCRL | ||
| 100 |
_aSpiekermann _91136823 |
||
| 245 | 0 | _aValue-Based Engineering: A Guide to Building Ethical Technology for Humanity | |
| 260 | _bIEEE | ||
| 856 | _uhttps://ieeexplore.ieee.org/servlet/opac?bknumber=10783682 | ||
| 942 | _cEBOOK | ||
| 999 |
_c1725464 _d1725464 |
||